000 00640nam a2200205Ii 4500
003 JO-AjNU
008 230605s9999||||xx |||||||||||||| ||und||
017 _a1988/11/661
040 _aJO-AjNU
_bara
_erda
_cJO-AjNU
041 _aara
050 1 4 _aPJ7846.A832.A15 1988
100 3 _aتأليف مشه، محمد عارف,
_eauthor
_949456
245 0 0 _aهمسة في زمن الضجيج
264 3 1 _aعمان:دار الأفق الجديد،1988
300 _a80ص
336 _atext
_btxt
_2rdacontent
337 _aunmediated
_bn
_2rdamedia
338 _avolume
_bnc
_2rdacarrier
650 4 _aالأدب العربي - قصص
_949457
999 _aA21723
_c25291
_d25291